Mine Mine Mine! Quiz Stats

 Plays Quiz Updated Nov 7, 2018

Support Sporcle.
Go Orange.
Score 0/80 Timer 04:00
3 Plays Today
Substance Country % Correct
CopperUnited States
98.6%
GoldUnited States
98.6%
LeadUnited States
98.6%
Crude PetroleumUnited States
98.6%
Natural GasUnited States
98.6%
PlatinumUnited States
98.6%
SaltUnited States
98.6%
ZincUnited States
98.6%
CopperChina
95.7%
Aluminum (Bauxite)China
95.7%
Iron OreChina
95.7%
GoldChina
95.7%
LeadChina
95.7%
Crude PetroleumChina
95.7%
SaltChina
95.7%
SilverChina
95.7%
TinChina
95.7%
Titanium (Ilmenite)China
95.7%
ZincChina
95.7%
DiamondRussia
94.6%
Iron OreRussia
94.6%
NickelRussia
94.6%
Crude PetroleumRussia
94.6%
Natural GasRussia
94.6%
PlatinumRussia
94.6%
UraniumRussia
94.6%
DiamondCanada
91.8%
Natural GasCanada
91.8%
NickelCanada
91.8%
PlatinumCanada
91.8%
SaltCanada
91.8%
Titanium (Ilmenite)Canada
91.8%
UraniumCanada
91.8%
ZincCanada
91.8%
Aluminum (Bauxite)Brazil
90.1%
Iron OreBrazil
90.1%
TinBrazil
90.1%
LeadMexico
88.1%
SilverMexico
88.1%
GoldSouth Africa
86.3%
Substance Country % Correct
PlatinumSouth Africa
86.3%
Titanium (Ilmenite)South Africa
86.3%
Aluminum (Bauxite)India
84.1%
Iron OreIndia
84.1%
SaltIndia
84.1%
CopperAustralia
81.3%
Aluminum (Bauxite)Australia
81.3%
DiamondAustralia
81.3%
Iron OreAustralia
81.3%
GoldAustralia
81.3%
LeadAustralia
81.3%
NickelAustralia
81.3%
SilverAustralia
81.3%
Titanium (Ilmenite)Australia
81.3%
UraniumAustralia
81.3%
ZincAustralia
81.3%
Crude PetroleumIran
79.5%
Natural GasIran
79.5%
Crude PetroleumSaudi Arabia
75.9%
CopperChile
73.9%
SilverChile
73.9%
SaltGermany
73.1%
CopperPeru
62.2%
GoldPeru
62.2%
LeadPeru
62.2%
SilverPeru
62.2%
TinPeru
62.2%
ZincPeru
62.2%
NickelColombia
55.4%
UraniumNiger
52.1%
NickelIndonesia
51.4%
TinIndonesia
51.4%
Titanium (Ilmenite)Norway
45.8%
TinBolivia
41.8%
DiamondDem. Rep. of Congo
41.6%
UraniumKazakhstan
40.4%
Natural GasAlgeria
33%
PlatinumZimbabwe
28.7%
DiamondBotswana
25.1%
Aluminum (Bauxite)Guinea
7.1%

From the Vault

5 by 5 Landmarks by Century

by lolshortee

We're referring to the area of the quiz, not the area of the landmarks.
Remove Ads.
Support Sporcle.
Get the best of Sporcle when you Go Orange. This ad-free experience offers more features, more stats, and more fun while also helping to support Sporcle. Thank you for becoming a member.

Show Comments

Extras

Top Quizzes Today


Score Distribution

Your Account Isn't Verified!

In order to create a playlist on Sporcle, you need to verify the email address you used during registration. Go to your Sporcle Settings to finish the process.

Report this User

Report this user for behavior that violates our Community Guidelines.

Details: